Statystyki dla Kraje z niedźwiedziami himalajskimi

Kliknij tutaj aby rozwiązać quiz!

Ogólne statystyki

  • Ten quiz został rozwiązany 42 razy
  • Średni wynik to 15 z 18

Statystyki odpowiedzi

Kraj% Poprawnych
Chiny
98%
Indie
98%
Laos
98%
Wietnam
95%
Tajlandia
95%
Nepal
90%
Rosja
90%
Mjanma
90%
Bhutan
88%
Kambodża
88%
Bangladesz
88%
Pakistan
85%
Afganistan
85%
Korea Południowa
85%
Korea Północna
85%
Japonia
78%
Iran
56%
Tajwan
51%

Rozkład punktacji

Percentyl według liczby udzielonych odpowiedzi

Procent ludzi z każdym wynikiem

Twoja historia wyników

Nie rozwiązałeś tego quizu